000 00428nam a2200181Ia 4500
001 21036
005 20260306172850.0
008 260306t2004||||xx |||||||||||||| ||spa||
041 _aESP
082 _a344
_bG23
100 _aGarcía del Río, Flavio
_eAUT
245 0 _aManual de derecho penal
260 _c2004
300 _axvi, 600 páginas :
_c24 cm.
650 _aGEN
654 _aCDE
942 _cLIB
_dJUS
_fJUS
_2ddc
_n
999 _c21036
_d21036